00571nam a22002057a 450000500170000001000130001702000110003003500130004103700160005404000120007008200160008210000210009824500710011926000520019027000300024230000200027250000220029265000280031465000230034220170124105913.0 aA-574314 c100.00 aA-574314 bCen Lib/Ret aDPLbEN a338.4766854 aSrivastava, S.B. aPerfume flavour and essential oil industries /cby S.B. Srivastava aDelhibsmall industry research institute c00?? bDelhiaRoop nagare110007 a192p.c20cm(Hb) aIncludes appendix aChemical industries y  aperfume industries